Tunnettuja Jari nimisiä henkilöitä - Statistics

Yleistilastot
  • Tätä visaa on pelattu 188 kertaa
  • Keskiarvotulos 5 / 10
Vastaustilastot
Vihje Vastaus % Oikein
Jalkapalloilija Jari Litmanen
93%
Rikollinen huumepoliisi Jari Aarnio
86%
Tangokuningas Jari Sillanpää
84%
Jääkiekkoilija Jari Kurri
79%
Kehonrankentaja Jari Mentula
54%
Liikemies, toimittaja Jari Sarasvuo
53%
Lastenpsykiatri Jari Sinkkonen
24%
Poliitikko Jari Leppä
12%
Näyttelijä Jari Salmi
8%
Piispa Jari Jolkkonen
4%
Ehtoja vastaavia visoja ei löytynyt
Tulosjakauma
Jokaisen tuloksen saaneiden osuus
Persentiili vastausten määrän mukaan
Tuloshistoriasi
Et ole pelannut tätä visaa